banner koha

Inventario diagnostico da regeneracao natural da vegetacao em area da Floresta Nacional do Tapajos [Amazonas; Brasil] (Registro n. 270336)

MARC details
000 -LÍDER
campo de controle de tamanho fixo 01129nac a22003017a 4500
001 - NÚMERO DE CONTROLE
campo de controle BR8000453
003 - IDENTIFICADOR DO NÚMERO DE CONTROLE
campo de controle BR-BrBNA
005 - DATA E HORÁRIO DA ÚLTIMA TRANSAÇÃO
campo de controle 20240105114617.0
008 - CAMPO DE DADOS FIXOS--INFORMAÇÃO GERAL
campo de controle de tamanho fixo 230509b bl.|||m| |||| 00| 0 por d
040 ## - FONTE DA CATALOGAÇÃO
Instituição da catalogação original BR-BrBNA
Idioma da catalogação por
Instituição que transcreveu o registro Biblioteca Nacional de Agricultura
072 ## - CÓDIGO DE CATEGORIA DE ASSUNTO
Código de Categoria de Assunto K20
090 ## - NÚMERO DE CHAMADA LOCAL
Número de chamada K20 BR8000453
100 1# - ENTRADA PRINCIPAL--NOME PESSOAL
Nome pessoal Carvalho, J.O.P. de
110 1# - ENTRADA PRINCIPAL--NOME CORPORATIVO
Nome corporativo ou nome da jurisdição Centro de Pesquisa Agropecuaria do Tropico Umido, Belem, PA (Brasil)
245 1# - TÍTULO
Título Inventario diagnostico da regeneracao natural da vegetacao em area da Floresta Nacional do Tapajos [Amazonas; Brasil]
246 1# - FORMA VARIANTE DO TÍTULO
Título/título abreviado [Diagnosis inventory of plant natural regeneration in the area of the Tapajos National Forest [Amazonas; Brazil]]
260 3# - PUBLICAÇÃO, DISTRIBUIÇÃO, ETC.
Local de publicação, distribuição, etc. Belem, PA (Brasil):
Data da publicação, distribuição, etc. 1980.
300 ## - DESCRIÇÃO FÍSICA
Extensão 23 p.
490 ## - TÍTULO DA SÉRIE
Título da série Boletim de Pesquisa - Centro de Pesquisa Agropecuaria do Tropico Umido (Brazil)
Número do volume ou designação sequencial da série no. 2
ISSN - International Standard Serial Number
500 ## - NOTA GERAL
Nota geral 11 ref.; Summaries (En, Pt)
650 ## - ASSUNTO--TERMO TÓPICO
Cabeçalho tópico ou nome geográfico Administracao florestal
650 ## - ASSUNTO--TERMO TÓPICO
Cabeçalho tópico ou nome geográfico Floresta
650 ## - ASSUNTO--TERMO TÓPICO
Cabeçalho tópico ou nome geográfico Inventario florestal
650 ## - ASSUNTO--TERMO TÓPICO
Cabeçalho tópico ou nome geográfico Tapajos
650 ## - ASSUNTO--TERMO TÓPICO
Cabeçalho tópico ou nome geográfico Amazonas
909 ## -
-- 202312
-- Lúcia Elande
-- 55
-- Lúcia Elande
942 ## - ELEMENTOS DE ENTRADA ADICIONADOS (KOHA)
Fonte da classificação ou esquema de arquivamento na estante Classificação AGRIS
Ocultar no OPAC Não
Tipo de material Koha Monografia Seriada
Exemplares
Situação do descarte Fonte da classificação ou esquema de arquivamento na estante Situação física Não pode ser emprestado Coleção Biblioteca de origem Biblioteca atual Localização na estante Total de empréstimos Número de telefone completo Código de barras Data de último acesso Tipo de material Koha Fonte de aquisição
  Classificação AGRIS       Biblioteca Nacional de Agricultura - Binagri Biblioteca Nacional de Agricultura - Binagri Agrobase - Acervo Geral   K20 BR8000453 K20 BR8000453 18/12/2023 Monografia Seriada Portaria Interministerial nº 164/94

BINAGRI

Telefone: (61)3218-2567/2388/3357/2097 - binagri@agro.gov.br

Ministério da Agricultura e Pecuária , Esplanada dos Ministérios, Bloco D, Anexo B, Brasília/DF, CEP: 70.043-900